Análisis estadístico del suicidio /
Guardado en:
| Autor Principal: | |
|---|---|
| Formato: | Libro |
| Idioma: | Spanish |
| Publicado: |
Rosario :
[s.n.],
1934.
|
| Etiquetas: |
Agregar Etiqueta
Sin Etiquetas, Sea el primero en etiquetar este registro!
|
| LEADER | 00388nam a22001335a 4500 | ||
|---|---|---|---|
| 001 | MAT.inmabb000775 | ||
| 008 | 031119s1934####ag############000#0#spa#d | ||
| 005 | 20170804150010.0 | ||
| 245 | 1 | 0 | |a Análisis estadístico del suicidio / |c Clotilde A. Bula. |
| 260 | |a Rosario : |b [s.n.], |c 1934. | ||
| 300 | |a 60 p. | ||
| 100 | 1 | |a Bula, Clotilde A. | |
| 084 | |a 62-XX |2 msc2000 | ||
| 859 | |h 62 |i B933 |p A-583 |b BIB. MATEMATICA | ||
